000 00257nam a2200109Ia 4500
008 231011s9999 xx 000 0 und d
041 _aeng
100 _aE.cook
245 _aWorking with Management
260 _bSterling Pub Ltd ,NewDelhi -
365 _b75
999 _c885588
_d885588